000 00882nam a2200217Ia 4500
999 _c36848
_d36848
001 2796
003 GE_BSU
005 20190506140023.0
008 181216s1970||||ge |||||||||||||| ||geo||
040 _cGE_BSU
041 _ageo
080 _a331.2 ე–46
100 _aეკელჩიკი, მ
_9776
245 _aშრომისა და ხელფასის საკითხები მშენებლობაში /
_cმ. ეკელჩიკი ; რუს. თარგმნა : ბ. ბალავაძემ
264 _aთბილისი . :
_bსაბჭ. საქართველო ,
_c1970.
300 _a290 გვ ;
_c22 სმ.
541 _h5 ლ.
653 _aხელფასი მშენებლობაზე
700 _aბალავაძე, მ
_eმთარგმნელი
_9777
942 _cBK
_2udc